|
|
|
|
| LEADER |
00000nab a2200000 4500 |
| 001 |
vtls012252356 |
| 003 |
SK-MaSNL |
| 005 |
20260318115141.0 |
| 008 |
240308c2022 xo br|p || ||00 c0ukr |
| 015 |
|
|
|a SNBRB2024/03
|
| 038 |
|
|
|a SVKPOCL
|
| 040 |
|
|
|a SVKPOCL
|b slo
|c SVKPOCL
|e rda
|
| 041 |
1 |
|
|a ukr
|h ukr
|
| 043 |
|
|
|a e-xo---
|a e-un---
|a e-cs---
|a e-pl---
|a e-hu---
|a e-rm---
|
| 044 |
|
|
|a xo
|c SK
|
| 072 |
|
7 |
|a 316.4/.7
|x Sociálne interakcie
|2 konspekt
|
| 072 |
|
7 |
|a 94(47)
|x Dejiny krajín východnej Európy
|2 konspekt
|
| 080 |
|
|
|a 94(437.7)(=161.25)
|2 2011
|
| 080 |
|
|
|a 94(=161.25)(091)
|2 2011
|
| 080 |
|
|
|a (=161.25)
|2 2011
|
| 080 |
|
|
|a (437.7)
|2 2011
|
| 080 |
|
|
|a 94(437.7):314.1(=161.25):314.1(=161.2)
|2 2011
|
| 080 |
|
|
|a (477.87)
|2 2011
|
| 080 |
|
|
|a (438)
|2 2011
|
| 080 |
|
|
|a (439)
|2 2011
|
| 080 |
|
|
|a (498)
|2 2011
|
| 100 |
1 |
|
|a Kráľová, Ľuba,
|d 1959-
|4 aut
|9 447673
|
| 245 |
1 |
0 |
|a Chto sut' Rusynŷ?
|c [autor] -ĽuK-
|
| 300 |
|
|
|b Fotografie
|
| 336 |
|
|
|a text
|b txt
|2 rdacontent
|
| 337 |
|
|
|a bez média
|b n
|2 rdamedia
|
| 338 |
|
|
|a zväzok
|b nc
|2 rdacarrier
|
| 500 |
|
|
|a Akronym odkrytý s autorkiným súhlasom
|
| 648 |
|
7 |
|a 2019
|2 svkpocl
|9 350886
|
| 650 |
0 |
7 |
|a Podkarpatskí Rusíni
|2 SNKPH
|9 55421
|
| 650 |
0 |
7 |
|a etnicita
|2 SNKPH
|9 4899
|
| 650 |
0 |
7 |
|a karpatorusinistika
|2 SNKPH
|9 490626
|
| 650 |
0 |
7 |
|a etnické vzťahy
|2 SNKPH
|9 3862
|
| 650 |
0 |
7 |
|a Rusíni
|2 SNKPH
|9 4087
|
| 650 |
0 |
7 |
|a dejiny
|2 SNKPH
|9 3825
|
| 650 |
0 |
7 |
|a národná identita
|2 SNKPH
|9 1665
|
| 651 |
|
7 |
|a Podkarpatská Rus
|2 SNKPH
|9 56369
|
| 651 |
|
7 |
|a Ukrajina
|2 SNKPHgeo
|9 168045
|
| 651 |
|
7 |
|a Poľsko
|2 SNKPHgeo
|9 16755
|
| 651 |
|
7 |
|a Rumunsko
|2 SNKPHgeo
|9 17409
|
| 651 |
|
7 |
|a Maďarsko
|2 SNKPHgeo
|9 16754
|
| 651 |
|
7 |
|a Československo
|2 SNKPHgeo
|9 21376
|
| 773 |
0 |
|
|t Kolŷsočka
|g Roč. VI, č. 1 (2022), s. 5-6
|x 2585-7045
|
| 852 |
|
|
|a SVKPO
|b KIS3GCP
|
| 958 |
|
|
|a RN
|
| 958 |
|
|
|a HU
|
| 958 |
|
|
|a SS
|
| 958 |
|
|
|a UA
|
| 958 |
|
|
|a NM
|
| 958 |
|
|
|a RO
|
| 958 |
|
|
|a PL
|
| 958 |
|
|
|a SK
|
| 999 |
|
|
|c 3344713
|d 3346643
|